00254 a2200121 450000100060000000300050000608200160001110000220002724500160004926000390006530000100010450000180011490340NUST a297.576 MOU aMoudodi Abual Ala aPardahUrdu aLahorebIslamic Publicationsc2013 a280p. aGeneral Books